Avril Lavigne Songs – Sudden Death - Statistics

General Stats
  • This quiz has been taken 120 times
  • The average score is 10 of 16
Answers on the Grid
Answers color-coded by a green-red scale on the quiz's grid according to % correct below.
Little Me
Birdie
Girlfriend
Out Of The Woods
Baby
Bite Me
When You’re Gone
I Wanna Go
Womanizer
My Happy Ending
Head Above Water
Dumb Blonde
Let Me Love You
Sign Of The Times
Ghost
Complicated
Sk8er Boi
Take Me Away
Don’t Stop The Music
Criminal
Innocence
Nobody’s Home
Can’t Remeber To Forget You
Smile
4 Real
Confident
Hotline Bling
Give You What You Like
This Is The Life
Hello Heartache
Hey Angel
Kill My Mind
 
Answer Stats
Answer % Correct
Girlfriend
95%
Sk8er Boi
92%
Complicated
89%
My Happy Ending
89%
When You’re Gone
82%
Nobody’s Home
72%
Head Above Water
69%
Bite Me
66%
Smile
62%
Innocence
57%
Take Me Away
55%
Dumb Blonde
45%
Give You What You Like
45%
Birdie
41%
4 Real
38%
Hello Heartache
38%
No matching quizzes found
Score Distribution
Percent of People with Each Score
Percentile by Number Answered
Your Score History
You have not taken this quiz